|
|
|
|
| LEADER |
00743nam a22001931a 4500 |
| 020 |
|
|
|a 9780000186256
|c 0.00
|
| 040 |
|
|
|a SSUS - Library - Kalady
|
| 082 |
|
|
|a M 303.484 095 483
|b RAV/A
|
| 100 |
|
|
|a Ravindran T K
|
| 245 |
|
|
|a Asanum Keralathile samoohika viplavavum
|h [Text]
|
| 260 |
|
|
|a Kottayam
|b Sahitya Pravartaka Co-operative Society
|c 2011
|
| 300 |
|
|
|a 205p.
|
| 600 |
|
|
|a Social Sciences
|
| 600 |
|
|
|a Social Reform Movements Kerala
|
| 700 |
|
|
|a Pushpangadan M O (tr.)
|
| 852 |
|
|
|h M 303.484 095 483
|i RAV/A
|p 066121
|9 145.00
|t 0
|
| 942 |
|
|
|c BK
|
| 999 |
|
|
|c 3191
|d 3191
|
| 952 |
|
|
|0 0
|1 0
|4 0
|6 M_303_484000000000000_095_483_RAV_A
|7 0
|9 4896
|a SSUS
|b SSUS
|d 2015-01-08
|g 145.00
|l 4
|m 1
|o M 303.484 095 483 RAV/A
|p 066121
|r 2020-01-20
|s 2019-12-16
|v 0.00
|w 2015-01-08
|y BK
|